Problems in prose
Αποθηκεύτηκε σε:
| Κύριος συγγραφέας: | |
|---|---|
| Μορφή: | Βιβλίο |
| Γλώσσα: | Undetermined |
| Έκδοση: |
New York, Estados Unidos
Harper and Brothers
1938
|
| Θέματα: | |
| Ετικέτες: |
Προσθήκη ετικέτας
Δεν υπάρχουν, Καταχωρήστε ετικέτα πρώτοι!
|
MARC
| LEADER | 00000nam a2200000Ia 4500 | ||
|---|---|---|---|
| 008 | 170316s9999 xx 000 0 und d | ||
| 040 | |a cru BVZT | ||
| 090 | |a 810 H-1p | ||
| 100 | |a Haines, Paul | ||
| 245 | |a Problems in prose | ||
| 260 | |a New York, Estados Unidos | ||
| 260 | |b Harper and Brothers | ||
| 260 | |c 1938 | ||
| 300 | |a 321 páginas | ||
| 650 | |a LITERATURA ESTADOUNIDENSE | ||
| 999 | |c 5736 |d 5736 | ||
| 942 | |c 15 D |h 810 H-1p |2 z | ||
